LEADER 02622njm a2200721 a 4500
001 000265320
003 CZ BrMZK
005 20070617131158.0
008 010907s1991 xr f cze d
028 0 3 |a 81 1155-4 411  |b Panton 
040 |a BOA001  |b cze 
080 |a 788.12(086.7)  |2 MRF 
245 0 0 |a Sempre avanti  |h [zvukový záznam] :  |b české pochody 
246 3 3 |a Šťastnou cestu 
246 3 3 |a Břetislav 
246 3 3 |a Castaldo 
246 3 3 |a Frýdlantský 
246 3 3 |a Jara mládí 
246 3 3 |a Kyzivát 
246 3 3 |a Muziko, hraj 
246 3 3 |a Nad Labem 
246 3 3 |a Nástup borců 
246 3 3 |a Pozdrav z hvozdů 
246 3 3 |a Radhošť 
246 3 3 |a Sempre avanti 
246 3 3 |a Slovanský 
246 3 3 |a Slovenský 
246 3 3 |a Sláva míru 
246 3 3 |a Strahov 
246 3 3 |a Tempo 
246 3 3 |a Triglav 
246 3 3 |a Zlatá Praha 
260 |a Praha :  |b Panton,  |c p1991 
300 |a 1 MC :  |b stereo, Dolby B +  |e 1 slož. list. 
306 |a 005119 
500 |a Durata 51:19 
500 |a Nahr. 1986, 1991 
505 2 |a Břetislav, Castaldo, Frýdlantský ... [et al.] 
511 0 |a Posádková hudba Brno, dir. Jaroslav Kubáček, Jiří Volf 
653 0 |a dechový orchestr  |a orchestrální pochody 
700 1 |a Čermák, Jan,  |d 1867-1935  |7 ola2008474709  |4 cmp 
700 1 |a Borovička, Antonín,  |d 1895-1968  |7 jk01012679  |4 cmp 
700 1 |a Císař, Miroslav,  |d 1929-2014  |7 jn19981000543  |4 cmp 
700 1 |a Dufek, Jaroslav,  |d 1924-2001  |7 jo2005259937  |4 cmp 
700 1 |a Fučík, Julius,  |d 1872-1916  |7 jn19981001289  |4 cmp 
700 1 |a Kmoch, František,  |d 1848-1912  |7 jn20000710213  |4 cmp 
700 1 |a Koleta, Karel,  |d 1887-1948  |7 hka0075765  |4 cmp 
700 1 |a Kubáček, Jaroslav,  |d 1930-1987  |7 ola200204414  |4 cnd 
700 1 |a Kyral, Vilém,  |d 1909-1961  |7 xx0029423  |4 cmp 
700 1 |a Machek, Miloslav,  |d 1923-1999  |7 jn20000620211  |4 cnd 
700 1 |a Nováček, Rudolf,  |d 1860-1929  |7 xx0020757  |4 cmp 
700 1 |a Obruča, Rudolf,  |d 1874-1941  |7 ola200204628  |4 cmp 
700 1 |a Praveček, Jindřich,  |d 1909-2000  |7 jk01100941  |4 cmp 
700 1 |a Pádivý, Karol,  |d 1908-1965  |7 jk01091485  |4 cmp 
700 1 |a Vačkář, Dalibor C.,  |d 1906-1984  |7 jz8001348  |4 cmp 
700 1 |a Vačkář, Václav,  |d 1881-1954  |7 jk01141075  |4 cmp 
700 1 |a Volf, Jiří,  |d 1945-  |7 jn19981002348  |4 cnd 
700 1 |a Zita, František,  |d 1888-1946  |7 ola200204714  |4 cmp 
710 2 |a Posádková hudba Brno  |7 xx0027833 
910 |a BOA001  |b KZ-0000.457 
964 |a Orchestr dechový  |x MC 
990 |a AV 
996 6 |b 261H000468  |c KZ-0000.457  |l MZK  |r Sklad / do 24 hodin  |n 0  |w 000265320  |u 000010  |a 1  |e BOA001  |j MZK50  |s P